00523 2200181 4500001002100000005001500021035002000036007000300056008004100059020001400100082001300114084001900127100002300146245008100169260004500250300002600295650002000321INLIS00000000000142420260527014613 a0010-0526000001ta260527 0 ind  a626221025 a899.2213 a899.2213 KUR s0 aKurniawan, Andreas1 aSeorang Anak yang Bersembunyi di Balik Topeng Superhero /cAndreas Kurniawan aJakarta :bGramedia Pustaka Utama,c2026 a272 hlm ;c20x13,5 cm aFIKSI INDONESIA